[Event "Brasschaat op 19th"]
[Site "Brasschaat"]
[Date "2019.08.17"]
[Round "1"]
[White "Bruys, Piet"]
[Black "Sadkowsky, Daniel"]
[Result "0-1"]
[WhiteElo "1661"]
[BlackElo "2177"]
[PlyCount "112"]
[EventDate "2019.08.17"]
[EventType "swiss"]
[EventRounds "9"]
[EventCountry "BEL"]
[SourceTitle "EXT 2020"]
[Source "ChessBase"]
[SourceDate "2019.10.17"]
[SourceVersion "1"]
[SourceVersionDate "2019.10.17"]
[SourceQuality "1"]

1. c4 c5 2. Nc3 Nf6 3. g3 e6 4. Bg2 d5 5. cxd5 exd5 6. d3 d4 7. Ne4 Nxe4 8. Bxe4 Be7 9. Qb3 Nc6 10. Bd2 0-0 11. h4 Qb6 12. Qc2 Nb4 13. Qc1 Be6 14. a3 Nd5 15. Nh3 Nf6 16. Bg2 Bd5 17. Bxd5 Nxd5 18. 0-0 Bd6 19. Qc4 Qc6 20. Rac1 Rac8 21. Ng5 Nf6 22. b4 b5 23. Qa2 c4 24. dxc4 bxc4 25. a4 c3 26. b5 Qc4 27. Qxc4 Rxc4 28. Rfd1 Rfc8 29. Bf4 Bxf4 30. gxf4 Rxa4 31. Nf3 Nh5 32. e3 dxe3 33. fxe3 Ng3 34. Kf2 Ne4+ 35. Kg2 Ra2+ 36. Kg1 h6 37. Nd4 Rc4 38. Rc2 Rca4 39. Rdc1 Rb2 40. Kg2 Raa2 41. Kf3 f5 42. Ke2 Kf7 43. Kd3 Kg6 44. Kc4 Kf6 45. Kd3 Ra3 46. Ke2 Nd6 47. Kd3 Nxb5 48. Nxb5 Rxb5 49. Rxc3 Rba5 50. Ke2 Rxc3 51. Rxc3 Kg6 52. Rc7 Ra1 53. h5+ Kxh5 54. Rxg7 a5 55. e4 Ra4 56. Kf3 Rxe4 0-1

[Event "Brasschaat op 18th"]
[Site "Brasschaat"]
[Date "2018.08.26"]
[Round "9"]
[White "Oudewaal, Vincent"]
[Black "Sadkowsky, Daniel"]
[Result "0-1"]
[WhiteElo "2070"]
[BlackElo "2235"]
[PlyCount "102"]
[EventDate "2018.08.18"]
[EventType "swiss"]
[EventRounds "9"]
[EventCountry "BEL"]
[SourceTitle "CBM 186 Extra"]
[Source "ChessBase"]
[SourceDate "2018.08.24"]
[SourceVersion "1"]
[SourceVersionDate "2018.08.24"]
[SourceQuality "1"]

1. c4 e5 2. g3 c6 3. d4 Bb4+ 4. Bd2 Bxd2+ 5. Qxd2 d6 6. dxe5 dxe5 7. Qxd8+ Kxd8 8. Nc3 Kc7 9. b3 Nf6 10. f3 a5 11. Rd1 Na6 12. e3 Nc5 13. e4 h5 14. h4 Ne6 15. Nh3 Nh7 16. Kf2 f6 17. Ke3 Nd4 18. Ne2 Nxe2 19. Bxe2 Nf8 20. f4 Bxh3 21. Rxh3 Ne6 22. Rf1 Kd6 23. fxe5+ fxe5 24. Rf7 b6 25. Rh1 Raf8 26. Rd1+ Kc5 27. Re7 Rf6 28. a3 Rhh6 29. Rd3 a4 30. b4+ Kxc4 31. Rd6+ Kb3 32. Rxc6 Kxa3 33. Rxb6 Kb2 34. Ra6 a3 35. Rea7 Nd4 36. Ra4 Rc6 37. Bd1 Rc3+ 38. Kd2 Rf6 39. b5 Rf2+ 40. Ke1 Rh2 41. b6 Nc2+ 42. Kf1 Ne3+ 43. Kg1 Rg2+ 44. Kh1 Rd2 45. Rb4+ Ka1 46. Rc7 Rxd1+ 47. Kh2 Ng4+ 48. Kg2 Rxc7 49. bxc7 Rc1 50. Rb7 Rc2+ 51. Kf1 Nf6 0-1

[Event "Charleroi Experts"]
[Site "Charleroi"]
[Date "2018.08.02"]
[Round "7"]
[White "Sadkowsky, Daniel"]
[Black "Hautot, Stephane"]
[Result "0-1"]
[WhiteElo "2235"]
[BlackElo "2338"]
[PlyCount "84"]
[EventDate "2018.07.28"]
[EventType "tourn"]
[EventRounds "9"]
[EventCountry "BEL"]
[EventCategory "6"]
[SourceTitle "CBM 185 Extra"]
[Source "ChessBase"]
[SourceDate "2018.07.29"]
[SourceVersion "1"]
[SourceVersionDate "2018.07.29"]
[SourceQuality "1"]

1. d4 Nf6 2. c4 e6 3. Nc3 d5 4. cxd5 exd5 5. Bg5 Be7 6. e3 c6 7. Bd3 0-0 8. Nge2 Re8 9. 0-0 Nbd7 10. f3 Qb6 11. Qc2 h6 12. Bh4 Ng4 13. Na4 Nxe3 14. Nxb6 Nxc2 15. Nxa8 Bxh4 16. Nc7 Rxe2 17. Bxe2 Nxa1 18. Rxa1 Bd8 19. Ne8 Be7 20. Bd3 Kf8 21. Nc7 Nb6 22. Re1 Bd7 23. b3 Bd8 24. Na6 bxa6 25. Bxa6 Bf6 26. Rd1 Nc8 27. Bxc8 Bxc8 28. Kf2 Ke7 29. Ke3 Kd6 30. Rc1 Kc7 31. b4 Kb6 32. a4 Be7 33. Rb1 Bf5 34. Rb2 Bg5+ 35. f4 Be7 36. g3 h5 37. h4 f6 38. Kd2 g5 39. fxg5 fxg5 40. hxg5 Bxg5+ 41. Kc3 Be7 42. Rf2 Bg4 0-1

[Event "Charleroi Experts"]
[Site "Charleroi"]
[Date "2018.07.31"]
[Round "5"]
[White "Malakhatko, Vadim"]
[Black "Sadkowsky, Daniel"]
[Result "1-0"]
[WhiteElo "2499"]
[BlackElo "2235"]
[PlyCount "101"]
[EventDate "2018.07.28"]
[EventType "tourn"]
[EventRounds "9"]
[EventCountry "BEL"]
[EventCategory "6"]
[SourceTitle "CBM 185 Extra"]
[Source "ChessBase"]
[SourceDate "2018.07.29"]
[SourceVersion "1"]
[SourceVersionDate "2018.07.29"]
[SourceQuality "1"]

1. c4 e6 2. g3 d5 3. Bg2 Nf6 4. Nf3 dxc4 5. Qa4+ Bd7 6. Qxc4 c5 7. Ne5 Qc8 8. Qd3 Nc6 9. Nxd7 Nxd7 10. Nc3 a6 11. b3 Be7 12. Bb2 0-0 13. Rc1 Qc7 14. Qb1 Rac8 15. Ne4 Rfd8 16. 0-0 Qb8 17. f4 f5 18. Nf2 Qd6 19. e4 g6 20. Rfe1 Bf8 21. exf5 gxf5 22. Qa1 b5 23. Re2 Nd4 24. Bxd4 cxd4 25. Rce1 Re8 26. Nd3 Bg7 27. Qb1 Nf8 28. Bf3 Rc7 29. b4 Rce7 30. Qb3 Kh8 31. Rc1 Rc7 32. Rc5 Ree7 33. Kg2 Bf6 34. a4 Qb6 35. axb5 axb5 36. Re1 Rg7 37. Rec1 Rxc5 38. bxc5 Qa5 39. Rc2 Bd8 40. Ra2 Qc7 41. Qxb5 Ng6 42. Qe8+ Rg8 43. Qxe6 Qg7 44. Bd5 Rf8 45. Ra8 h5 46. Qd6 Bc7 47. Qxg6 Qxg6 48. Rxf8+ Kh7 49. Rf7+ Kh8 50. Rxc7 Qa6 51. Nf2 1-0

[Event "Charleroi Experts"]
[Site "Charleroi"]
[Date "2018.07.30"]
[Round "4"]
[White "Sadkowsky, Daniel"]
[Black "Dardha, Daniel"]
[Result "0-1"]
[WhiteElo "2235"]
[BlackElo "2330"]
[PlyCount "78"]
[EventDate "2018.07.28"]
[EventType "tourn"]
[EventRounds "9"]
[EventCountry "BEL"]
[EventCategory "6"]
[SourceTitle "CBM 185 Extra"]
[Source "ChessBase"]
[SourceDate "2018.07.29"]
[SourceVersion "1"]
[SourceVersionDate "2018.07.29"]
[SourceQuality "1"]

1. d4 Nf6 2. c4 e6 3. g3 d5 4. Nf3 Bb4+ 5. Bd2 Be7 6. Bg2 0-0 7. 0-0 c6 8. Qc2 Nbd7 9. Bf4 Ne4 10. Nc3 g5 11. Be3 f5 12. Rad1 Bf6 13. Ne5 Nd6 14. cxd5 exd5 15. f4 g4 16. h3 gxh3 17. Bxh3 Kh8 18. Kf2 Nb6 19. Rh1 Rg8 20. Rdg1 Qe7 21. Ke1 Be6 22. Bf2 Rg7 23. Kd1 Ne4 24. Nxe4 dxe4 25. Kc1 Nd5 26. a3 Rag8 27. e3 Rc8 28. Kb1 c5 29. dxc5 Rxc5 30. Qd2 Nb6 31. Rc1 Nc4 32. Nxc4 Bxc4 33. Bf1 Rd5 34. Qb4 Rb5 35. Qxb5 Bxb5 36. Bxb5 a6 37. Bc4 Qd8 38. Be6 Rc7 39. Rxc7 Qxc7 0-1

[Event "Charleroi Experts"]
[Site "Charleroi"]
[Date "2018.07.29"]
[Round "2"]
[White "Sadkowsky, Daniel"]
[Black "Bomans, Arno"]
[Result "1/2-1/2"]
[WhiteElo "2235"]
[BlackElo "2248"]
[PlyCount "40"]
[EventDate "2018.07.28"]
[EventType "tourn"]
[EventRounds "9"]
[EventCountry "BEL"]
[EventCategory "6"]
[SourceTitle "CBM 185 Extra"]
[Source "ChessBase"]
[SourceDate "2018.07.29"]
[SourceVersion "1"]
[SourceVersionDate "2018.07.29"]
[SourceQuality "1"]

1. d4 f5 2. Nc3 Nf6 3. Bg5 d5 4. f3 c5 5. e4 Nc6 6. Nge2 dxe4 7. d5 exf3 8. gxf3 Ne5 9. Nf4 Qb6 10. Qe2 Nf7 11. h4 Qxb2 12. Qb5+ Qxb5 13. Nxb5 Kd8 14. 0-0-0 Nd6 15. Ne6+ Bxe6 16. dxe6 a6 17. Nxd6 exd6 18. Bh3 Kc7 19. Bxf5 Be7 20. h5 Rae8 1/2-1/2

[Event "Charleroi Experts"]
[Site "Charleroi"]
[Date "2018.07.28"]
[Round "1"]
[White "Ringoir, Tanguy"]
[Black "Sadkowsky, Daniel"]
[Result "1-0"]
[WhiteElo "2530"]
[BlackElo "2235"]
[PlyCount "81"]
[EventDate "2018.07.28"]
[EventType "tourn"]
[EventRounds "9"]
[EventCountry "BEL"]
[EventCategory "6"]
[SourceTitle "CBM 185 Extra"]
[Source "ChessBase"]
[SourceDate "2018.07.29"]
[SourceVersion "1"]
[SourceVersionDate "2018.07.29"]
[SourceQuality "1"]

1. d4 d5 2. c4 e6 3. Nf3 Nf6 4. g3 dxc4 5. Bg2 a6 6. 0-0 Nc6 7. e3 Bd7 8. Qe2 Bd6 9. Qxc4 0-0 10. Nbd2 e5 11. dxe5 Nxe5 12. Nxe5 Bxe5 13. Qc5 Bd6 14. Qc2 Rb8 15. Nc4 Bb5 16. e4 Ng4 17. Rd1 Qf6 18. Nxd6 cxd6 19. a4 Bc6 20. f3 Ne5 21. f4 Ng6 22. Be3 Rfe8 23. Rd4 Rbc8 24. Qd2 Qe7 25. Re1 Rcd8 26. b3 Nf8 27. f5 Nd7 28. Rxd6 Ne5 29. Rd1 Rxd6 30. Qxd6 Qxd6 31. Rxd6 f6 32. h3 h6 33. Kf2 Re7 34. Bc5 Rd7 35. Rxd7 Nxd7 36. Bd6 Kf7 37. Ke3 Ne5 38. Kd4 Nd7 39. Bf1 b5 40. a5 Ke8 41. b4 1-0

[Event "BEL-ch op"]
[Site "Niel"]
[Date "2017.07.06"]
[Round "6"]
[White "Sadkowsky, Daniel"]
[Black "Tikranian, Alik"]
[Result "1-0"]
[WhiteElo "2243"]
[BlackElo "2261"]
[PlyCount "81"]
[EventDate "2017.07.01"]
[EventType "swiss"]
[EventRounds "9"]
[EventCountry "BEL"]
[SourceTitle "EXT 2018"]
[Source "ChessBase"]
[SourceDate "2017.10.13"]
[SourceVersion "1"]
[SourceVersionDate "2017.10.13"]
[SourceQuality "1"]

1. c4 e5 2. g3 Nc6 3. Bg2 Nf6 4. Nf3 d5 5. cxd5 Nxd5 6. Nc3 Nb6 7. 0-0 Be7 8. a3 a5 9. d3 0-0 10. Be3 Bg4 11. Rc1 Kh8 12. Na4 Nd7 13. Nc5 Nxc5 14. Bxc5 Bxc5 15. Rxc5 Qd6 16. Rc4 Bxf3 17. Bxf3 Nd4 18. Bg2 Rad8 19. b4 axb4 20. axb4 c6 21. e3 Nb5 22. Qh5 f5 23. Rh4 h6 24. Rc1 Rf6 25. Rc5 Ra8 26. h3 Nc7 27. d4 exd4 28. Rxd4 Qf8 29. Re5 Rf7 30. Rf4 g5 31. Rd4 Nb5 32. Rd3 Kg7 33. Re6 Rf6 34. Rd7+ Kg8 35. Ree7 Nd6 36. Qd1 Rd8 37. Qb3+ Nf7 38. Rxb7 Kg7 39. b5 Kg6 40. bxc6 Nd6 41. Rbd7 1-0

[Event "BEL-ch op"]
[Site "Niel"]
[Date "2017.07.04"]
[Round "4"]
[White "Sadkowsky, Daniel"]
[Black "Chaerle, Josse"]
[Result "1-0"]
[WhiteElo "2243"]
[BlackElo "1983"]
[PlyCount "111"]
[EventDate "2017.07.01"]
[EventType "swiss"]
[EventRounds "9"]
[EventCountry "BEL"]
[SourceTitle "EXT 2018"]
[Source "ChessBase"]
[SourceDate "2017.10.13"]
[SourceVersion "1"]
[SourceVersionDate "2017.10.13"]
[SourceQuality "1"]

1. d4 d5 2. c4 e6 3. Nf3 c5 4. cxd5 exd5 5. g3 Nc6 6. Bg2 Nf6 7. 0-0 Bg4 8. Ne5 Bh5 9. Nxc6 bxc6 10. Nc3 cxd4 11. Qxd4 Be7 12. e4 0-0 13. exd5 cxd5 14. Nxd5 Nxd5 15. Qxd5 Qxd5 16. Bxd5 Rad8 17. Be4 Bf6 18. Rb1 Rfe8 19. Bc2 Be2 20. Re1 Bd1 21. Rxe8+ Rxe8 22. Bd3 Rd8 23. Be4 Bd4 24. Bg5 f6 25. Bf4 Bb6 26. h4 h6 27. Bg6 Bf3 28. Re1 Bc5 29. Re8+ Rxe8 30. Bxe8 g5 31. Be3 Bxe3 32. fxe3 Kf8 33. Bg6 Ke7 34. Kf2 Bg4 35. Bd3 Kd6 36. b4 Ke5 37. Ke1 Bd7 38. Kd2 f5 39. hxg5 hxg5 40. Kc3 Kd5 41. Bc2 Ke5 42. a3 Bc6 43. a4 Be4 44. b5 Bxc2 45. Kxc2 Ke4 46. Kd2 Kd5 47. Kc3 Kc5 48. Kb3 Kd5 49. Kb4 Ke4 50. a5 Kxe3 51. b6 axb6 52. axb6 f4 53. gxf4 gxf4 54. b7 f3 55. b8Q f2 56. Qb5 1-0

[Event "BEL-ch op"]
[Site "Niel"]
[Date "2017.07.01"]
[Round "1"]
[White "Godde, Matthias"]
[Black "Sadkowsky, Daniel"]
[Result "0-1"]
[WhiteElo "1951"]
[BlackElo "2243"]
[PlyCount "136"]
[EventDate "2017.07.01"]
[EventType "swiss"]
[EventRounds "9"]
[EventCountry "BEL"]
[SourceTitle "EXT 2018"]
[Source "ChessBase"]
[SourceDate "2017.10.13"]
[SourceVersion "1"]
[SourceVersionDate "2017.10.13"]
[SourceQuality "1"]

1. d4 Nf6 2. Nf3 g6 3. c4 Bg7 4. Nc3 d6 5. e4 0-0 6. Be2 e5 7. dxe5 dxe5 8. Qxd8 Rxd8 9. Bg5 c6 10. Nxe5 Re8 11. f4 h6 12. Bh4 Na6 13. 0-0-0 Nc5 14. Bf3 g5 15. Bf2 Ne6 16. f5 Nf4 17. g3 Nh3 18. Nd3 Nxf2 19. Nxf2 Nd7 20. Nd3 Ne5 21. Nxe5 Bxe5 22. Rd3 b6 23. Rhd1 Ba6 24. b3 Rac8 25. Na4 Rc7 26. Rd7 Re7 27. Rd8+ Kg7 28. a3 c5 29. Nb2 Bb7 30. Nd3 Bd4 31. Re1 Red7 32. Rxd7 Rxd7 33. Kc2 Rd8 34. Bh1 f6 35. Bf3 Re8 36. Bh1 Kh7 37. Bf3 Bc8 38. Bh5 Re7 39. Bf3 a6 40. Kd2 Kg7 41. h3 Bb7 42. Re2 Bc6 43. Bg2 Kf8 44. Ne1 Rd7 45. Kc2 Be5 46. Re3 Bd4 47. Re2 Re7 48. Kd3 Be5 49. Re3 b5 50. Nc2 bxc4+ 51. bxc4 Ba4 52. Ne1 Bb3 53. Ke2 Bxc4+ 54. Kf3 Bd4 55. Nc2 Bxe3 56. Nxe3 Bd3 57. Kf2 Bxe4 58. Bf1 Bb7 59. Ng4 Kg7 60. Ne3 Rd7 61. Nc4 Rd4 62. g4 Rf4+ 63. Ke1 h5 64. Be2 hxg4 65. hxg4 Bf3 66. Bxf3 Rxf3 67. Ke2 Rc3 68. Nd6 Rxa3 0-1

[Event "Brasschaat op 16th"]
[Site "Brasschaat"]
[Date "2016.08.22"]
[Round "3"]
[White "Chaerle, Josse"]
[Black "Sadkowsky, Daniel"]
[Result "1/2-1/2"]
[WhiteElo "1965"]
[BlackElo "2260"]
[PlyCount "45"]
[EventDate "2016.08.20"]
[EventType "swiss"]
[EventRounds "9"]
[EventCountry "BEL"]
[SourceTitle "CBM 174 Extra"]
[Source "ChessBase"]
[SourceDate "2016.10.10"]
[SourceVersion "1"]
[SourceVersionDate "2016.10.10"]
[SourceQuality "1"]

1. d4 Nf6 2. c4 g6 3. Nc3 d5 4. Bf4 Bg7 5. Rc1 0-0 6. e3 c5 7. dxc5 Qa5 8. cxd5 Rd8 9. Bc4 Nxd5 10. Bxd5 e6 11. Nge2 Rxd5 12. Qa4 Qxa4 13. Nxa4 Bd7 14. Nec3 Bxc3+ 15. Nxc3 Rxc5 16. Ke2 e5 17. Bg5 Be6 18. Ne4 Rxc1 19. Rxc1 Nd7 20. a3 Kg7 21. Nc5 Nxc5 22. Rxc5 Rc8 23. Rxc8 1/2-1/2

[Event "Ghent Taminco op 39th"]
[Site "Ghent"]
[Date "2016.07.17"]
[Round "4"]
[White "Sadkowsky, Daniel"]
[Black "Talon, Alain"]
[Result "1-0"]
[WhiteElo "2260"]
[BlackElo "2047"]
[PlyCount "105"]
[EventDate "2016.07.16"]
[EventType "swiss"]
[EventRounds "9"]
[EventCountry "BEL"]
[SourceTitle "CBM 173 Extra"]
[Source "ChessBase"]
[SourceDate "2016.08.29"]
[SourceVersion "1"]
[SourceVersionDate "2016.08.29"]
[SourceQuality "1"]

1. d4 g6 2. c4 Bg7 3. Nf3 c5 4. d5 d6 5. e4 Nf6 6. Nc3 0-0 7. Be2 e6 8. 0-0 Re8 9. dxe6 Bxe6 10. Bf4 Qb6 11. Rb1 Nc6 12. Nd5 Bxd5 13. exd5 Nh5 14. Bd2 Ne5 15. Nxe5 Rxe5 16. Bc3 Nf4 17. Bxe5 Bxe5 18. g3 Nxe2+ 19. Qxe2 Qa5 20. a3 Rb8 21. f4 Bd4+ 22. Kh1 b5 23. cxb5 Qxb5 24. Qxb5 Rxb5 25. b3 a5 26. Rfc1 Kg7 27. Kg2 Kf6 28. Kf3 Rb7 29. g4 g5 30. fxg5+ Ke5 31. Ke2 Ke4 32. Rf1 Re7 33. Rf5 Rb7 34. Rbf1 Be5 35. R1f3 a4 36. bxa4 Rb2+ 37. Kd1 Rb1+ 38. Kc2 Rb2+ 39. Kc1 Rxh2 40. a5 Bb2+ 41. Kb1 Be5 42. a6 Rb2+ 43. Kc1 Rb6 44. a7 Ra6 45. Rxf7 c4 46. Rh3 Kxd5 47. Rhxh7 Bd4 48. g6 Rxa3 49. g7 Ra1+ 50. Kd2 Ra2+ 51. Ke1 Ke4 52. Re7+ Be5 53. g8Q 1-0

[Event "Ghent Taminco op 39th"]
[Site "Ghent"]
[Date "2016.07.16"]
[Round "2"]
[White "Sadkowsky, Daniel"]
[Black "Hummel, Joop"]
[Result "1-0"]
[WhiteElo "2260"]
[BlackElo "2007"]
[PlyCount "59"]
[EventDate "2016.07.16"]
[EventType "swiss"]
[EventRounds "9"]
[EventCountry "BEL"]
[SourceTitle "CBM 173 Extra"]
[Source "ChessBase"]
[SourceDate "2016.08.29"]
[SourceVersion "1"]
[SourceVersionDate "2016.08.29"]
[SourceQuality "1"]

1. d4 Nf6 2. Bg5 c5 3. Bxf6 gxf6 4. d5 d6 5. c4 Bg7 6. Nc3 f5 7. e3 Nd7 8. Qc2 Ne5 9. Nh3 0-0 10. Be2 Ng6 11. Bd3 e6 12. 0-0 a6 13. a4 b6 14. Rab1 Qh4 15. f4 Qf6 16. Kh1 Bb7 17. e4 fxe4 18. Bxe4 Qe7 19. f5 exf5 20. Bxf5 Qh4 21. Ne4 Be5 22. Neg5 b5 23. b3 Qh5 24. Nf3 Bg7 25. Nhg5 Bc8 26. axb5 axb5 27. cxb5 Bxf5 28. Qxf5 h6 29. g4 Nh4 30. Qh7# 1-0

[Event "Brasschaat op 15th"]
[Site "Brasschaat"]
[Date "2015.08.23"]
[Round "9"]
[White "Kasparov, Sergey"]
[Black "Sadkowsky, Daniel"]
[Result "1-0"]
[WhiteElo "2475"]
[BlackElo "2238"]
[PlyCount "95"]
[EventDate "2015.08.15"]
[EventType "swiss"]
[EventRounds "9"]
[EventCountry "BEL"]
[SourceTitle "EXT 2016"]
[Source "ChessBase"]
[SourceDate "2015.10.08"]
[SourceVersion "1"]
[SourceVersionDate "2015.10.08"]
[SourceQuality "1"]

1. e4 c5 2. Nf3 e6 3. d4 cxd4 4. Nxd4 Nc6 5. Nb5 d6 6. c4 Nf6 7. N1c3 a6 8. Na3 b6 9. Be3 Be7 10. Be2 0-0 11. 0-0 Bb7 12. Qb3 Nd7 13. Rad1 Rc8 14. Rd2 Qc7 15. Rc1 Nce5 16. f3 g5 17. Qd1 Kh8 18. Bd4 f6 19. Be3 Rg8 20. Kh1 Qb8 21. Qf1 Bd8 22. Nc2 Bc7 23. Nd4 Rce8 24. Bg1 Ng6 25. b4 Nf4 26. Bd1 Ne5 27. Be3 Re7 28. Bb3 Qe8 29. Rcd1 Qh5 30. Bxf4 gxf4 31. c5 dxc5 32. bxc5 bxc5 33. Nxe6 c4 34. Nxc7 Rxc7 35. Bc2 Rcg7 36. Rd8 Qg5 37. Rxg8+ Rxg8 38. Rd2 Bc8 39. Nd5 Be6 40. Nc3 Rg6 41. Rd8+ Kg7 42. Ne2 c3 43. Qf2 Nf7 44. Ra8 Qa5 45. a4 Bc4 46. Nxf4 Rg5 47. h4 Re5 48. Qg3+ 1-0

[Event "Brasschaat op 15th"]
[Site "Brasschaat"]
[Date "2015.08.22"]
[Round "8"]
[White "Beukema, Jasper"]
[Black "Sadkowsky, Daniel"]
[Result "0-1"]
[WhiteElo "1988"]
[BlackElo "2238"]
[PlyCount "66"]
[EventDate "2015.08.15"]
[EventType "swiss"]
[EventRounds "9"]
[EventCountry "BEL"]
[SourceTitle "EXT 2016"]
[Source "ChessBase"]
[SourceDate "2015.10.08"]
[SourceVersion "1"]
[SourceVersionDate "2015.10.08"]
[SourceQuality "1"]

1. e4 c5 2. Nc3 d6 3. Bb5+ Bd7 4. Bxd7+ Qxd7 5. f4 Nc6 6. Nf3 g6 7. 0-0 Bg7 8. d3 Nf6 9. Qe1 0-0 10. Qh4 Nd4 11. Nxd4 cxd4 12. Ne2 Rac8 13. c3 dxc3 14. bxc3 Qb5 15. Qh3 Nxe4 16. Nd4 Qb6 17. dxe4 Rxc3 18. Qxc3 Bxd4+ 19. Be3 Bxe3+ 20. Kh1 Bd4 21. Qc2 Bxa1 22. Rxa1 Qc5 23. Qb3 Rc8 24. Rf1 Qc4 25. Qb1 b5 26. h3 b4 27. Kh2 a5 28. f5 Qe2 29. fxg6 hxg6 30. Rf4 Rc2 31. Rg4 Qd3 32. Qe1 Qc3 33. Qd1 Rc1 0-1

[Event "Brasschaat op 15th"]
[Site "Brasschaat"]
[Date "2015.08.20"]
[Round "6"]
[White "Mitran, Anthony Cristian"]
[Black "Sadkowsky, Daniel"]
[Result "0-1"]
[WhiteElo "1941"]
[BlackElo "2238"]
[PlyCount "129"]
[EventDate "2015.08.15"]
[EventType "swiss"]
[EventRounds "9"]
[EventCountry "BEL"]
[SourceTitle "EXT 2016"]
[Source "ChessBase"]
[SourceDate "2015.10.08"]
[SourceVersion "1"]
[SourceVersionDate "2015.10.08"]
[SourceQuality "1"]

1. d4 Nf6 2. c4 c5 3. e3 g6 4. Nf3 Bg7 5. Bd3 0-0 6. 0-0 cxd4 7. exd4 d5 8. b3 Nc6 9. Bb2 Bg4 10. c5 Ne4 11. Be2 Nxc5 12. Na3 Ne6 13. Nc2 Nf4 14. h3 Nxe2+ 15. Qxe2 Bxf3 16. Qxf3 e6 17. Rfd1 Re8 18. Kh1 Rc8 19. Rac1 Qh4 20. Rd3 h5 21. a3 Red8 22. Rdd1 Qe4 23. Qe3 Qxe3 24. fxe3 Na5 25. Na1 Bh6 26. Rxc8 Rxc8 27. Rc1 Rxc1+ 28. Bxc1 f6 29. Bd2 Nc6 30. Nc2 e5 31. Bc3 Kf7 32. Kg1 Ke6 33. Kf2 Bf8 34. a4 a6 35. Kf3 Bd6 36. g3 Bc7 37. b4 b5 38. axb5 axb5 39. Na3 Na7 40. Bb2 Bd6 41. Bc3 Kd7 42. g4 hxg4+ 43. hxg4 Ke6 44. Nc2 e4+ 45. Kg2 f5 46. gxf5+ gxf5 47. Kh3 Kf6 48. Bd2 Kg5 49. Kg2 Kg4 50. Na3 f4 51. exf4 Bxf4 52. Bxf4 Kxf4 53. Kf2 e3+ 54. Ke2 Ke4 55. Nc2 Nc6 56. Nxe3 Nxd4+ 57. Kd2 Nb3+ 58. Ke2 d4 59. Nd1 d3+ 60. Ke1 Kd4 61. Nf2 Kc3 62. Kd1 Nd2 63. Kc1 Nf3 64. Kd1 Ne5 65. Ke1 0-1

[Event "Brasschaat op 15th"]
[Site "Brasschaat"]
[Date "2015.08.16"]
[Round "2"]
[White "Descamps, Bert"]
[Black "Sadkowsky, Daniel"]
[Result "1/2-1/2"]
[WhiteElo "1883"]
[BlackElo "2238"]
[PlyCount "57"]
[EventDate "2015.08.15"]
[EventType "swiss"]
[EventRounds "9"]
[EventCountry "BEL"]
[SourceTitle "EXT 2016"]
[Source "ChessBase"]
[SourceDate "2015.10.08"]
[SourceVersion "1"]
[SourceVersionDate "2015.10.08"]
[SourceQuality "1"]

1. e4 c5 2. Nc3 Nc6 3. f4 e6 4. Nf3 d5 5. Bb5 Nge7 6. 0-0 a6 7. Bxc6+ Nxc6 8. exd5 exd5 9. Ne5 Nxe5 10. fxe5 Be6 11. Ne2 Be7 12. d4 0-0 13. Be3 b6 14. c3 c4 15. Qd2 b5 16. Nf4 Qd7 17. Nh5 Kh8 18. Bg5 Rg8 19. Rae1 a5 20. Qf4 b4 21. Re3 Bxg5 22. Qxg5 Qd8 23. Qg3 bxc3 24. bxc3 Rb8 25. Ref3 Qe7 26. Nf4 Rbf8 27. Qf2 Rb8 28. Qg3 Rb7 29. h3 1/2-1/2

[Event "Brasschaat op 15th"]
[Site "Brasschaat"]
[Date "2015.08.15"]
[Round "1"]
[White "Sadkowsky, Daniel"]
[Black "Van Haaften, Maarten"]
[Result "1-0"]
[WhiteElo "2238"]
[BlackElo "1701"]
[PlyCount "79"]
[EventDate "2015.08.15"]
[EventType "swiss"]
[EventRounds "9"]
[EventCountry "BEL"]
[SourceTitle "EXT 2016"]
[Source "ChessBase"]
[SourceDate "2015.10.08"]
[SourceVersion "1"]
[SourceVersionDate "2015.10.08"]
[SourceQuality "1"]

1. d4 e6 2. c4 b6 3. e4 Bb7 4. Bd3 Bb4+ 5. Bd2 Bxd2+ 6. Nxd2 Qg5 7. Ngf3 Qg4 8. 0-0 Nh6 9. h3 Qh5 10. Re1 Nc6 11. Nf1 f6 12. Ng3 Qf7 13. Qd2 0-0 14. b4 Ne7 15. c5 Ng6 16. Rac1 Rac8 17. b5 c6 18. a4 Qe7 19. Qa2 Kh8 20. cxb6 axb6 21. bxc6 dxc6 22. Qb3 Nf4 23. Bf1 Qc7 24. Rb1 f5 25. Qxb6 Ba8 26. Qxc7 Rxc7 27. exf5 exf5 28. Re5 g6 29. Rc5 Ne6 30. Rc4 Nf7 31. Re1 Nd6 32. Rxe6 Nxc4 33. Bxc4 Bb7 34. Re5 Ra8 35. Bb3 Kg7 36. Ng5 Kf6 37. h4 Rd8 38. Rc5 Rd6 39. Nf3 h6 40. h5 1-0

[Event "Brasschaat op 14th"]
[Site "Brasschaat"]
[Date "2014.08.22"]
[Round "7"]
[White "Sadkowsky, Daniel"]
[Black "Sadikhov, Ulvi Ramil Oglu"]
[Result "0-1"]
[WhiteElo "2248"]
[BlackElo "2335"]
[PlyCount "66"]
[EventDate "2014.08.16"]
[EventType "swiss"]
[EventRounds "9"]
[EventCountry "BEL"]
[SourceTitle "CBM 161 Extra"]
[Source "ChessBase"]
[SourceDate "2014.08.29"]
[SourceVersion "1"]
[SourceVersionDate "2014.08.29"]
[SourceQuality "1"]

1. c4 g6 2. Nc3 Bg7 3. g3 c5 4. Bg2 Nc6 5. Nf3 d6 6. 0-0 e6 7. e3 Nge7 8. d4 0-0 9. d5 Na5 10. Qd3 a6 11. Rb1 exd5 12. cxd5 b5 13. e4 Bd7 14. b4 cxb4 15. Rxb4 Rc8 16. Ne2 Nc4 17. Ned4 Qa5 18. Rb1 Rfe8 19. a3 h6 20. h4 Bg4 21. Kh2 f5 22. exf5 Nxf5 23. Bh3 Bxh3 24. Kxh3 Bxd4 25. Nxd4 Ne5 26. Qd1 Nxd4 27. Qxd4 Qc3 28. Qd1 h5 29. Be3 Qc2 30. Qxc2 Rxc2 31. a4 bxa4 32. Rb6 Ng4 33. Rxa6 Rxe3 0-1

[Event "Brasschaat op 14th"]
[Site "Brasschaat"]
[Date "2014.08.19"]
[Round "4"]
[White "Kasparov, Sergey"]
[Black "Sadkowsky, Daniel"]
[Result "1/2-1/2"]
[WhiteElo "2478"]
[BlackElo "2248"]
[PlyCount "132"]
[EventDate "2014.08.16"]
[EventType "swiss"]
[EventRounds "9"]
[EventCountry "BEL"]
[SourceTitle "CBM 161 Extra"]
[Source "ChessBase"]
[SourceDate "2014.08.29"]
[SourceVersion "1"]
[SourceVersionDate "2014.08.29"]
[SourceQuality "1"]

1. e4 c5 2. Nf3 e6 3. d4 cxd4 4. Nxd4 Nc6 5. Nb5 d6 6. Bf4 e5 7. Be3 a6 8. N5c3 Nf6 9. Bg5 Be7 10. Bxf6 Bxf6 11. Nd2 Be6 12. Nc4 0-0 13. Be2 Nd4 14. Bd3 Bg5 15. 0-0 Rc8 16. Ne3 Bxe3 17. fxe3 Nc6 18. Qd2 Ne7 19. a4 Qa5 20. Rfd1 Rfd8 21. Nd5 Qxd2 22. Nxe7+ Kf8 23. Rxd2 Kxe7 24. a5 d5 25. exd5 Rxd5 26. e4 Rdc5 27. Kf2 g6 28. Ke3 f6 29. c3 Rd8 30. g3 Rc6 31. Bc2 Rcd6 32. Rxd6 Rxd6 33. Bd3 Rc6 34. Rc1 Rc8 35. b4 Bc4 36. Bxc4 Rxc4 37. Kd3 Rc6 38. Rb1 Rd6+ 39. Ke2 Kd7 40. g4 Ke6 41. Rf1 Rc6 42. Rf3 Rc7 43. Kd3 Rf7 44. Rh3 Kd6 45. c4 Kc6 46. Kc3 Kc7 47. Rf3 Kd6 48. c5+ Kc7 49. Rf1 Rf8 50. Rf3 Rf7 51. Kc4 Rd7 52. Rd3 Rf7 53. Rd5 Rf8 54. Rd6 f5 55. gxf5 gxf5 56. exf5 Rxf5 57. Rh6 Rf4+ 58. Kd5 Rd4+ 59. Kxe5 Rxb4 60. Kd5 Rb5 61. Rxh7+ Kb8 62. Rh3 Rxa5 63. Rb3 Ra2 64. c6 Rxh2 65. Rxb7+ Kc8 66. Ra7 Rd2+ 1/2-1/2